Before you marry: (Record no. 14786)

000 -LEADER
fixed length control field 00793nam a2200229 a 4500
001 - CONTROL NUMBER
control field :::00012620$&:&@@
003 - CONTROL NUMBER IDENTIFIER
control field OkBaRHE
005 - DATE AND TIME OF LATEST TRANSACTION
control field 20000607103421.0
008 - FIXED-LENGTH DATA ELEMENTS--GENERAL INFORMATION
fixed length control field s1974 j 000 0 eng u
040 ## - CATALOGING SOURCE
Transcribing agency
100 1# - MAIN ENTRY--PERSONAL NAME
Personal name Petersen, J. Allan, et al.
245 10 - TITLE STATEMENT
Title Before you marry:
Remainder of title Bible studies for singles.
260 ## - PUBLICATION, DISTRIBUTION, ETC. (IMPRINT)
Place of publication, distribution, etc Wheaton, IL., :
Name of publisher, distributor, etc Tyndale House Publishers, Inc.
Date of publication, distribution, etc c1974
300 ## - PHYSICAL DESCRIPTION
Extent 96 p. ;
Dimensions 19 cm.
650 ## - SUBJECT ADDED ENTRY--TOPICAL TERM
Topical term or geographic name as entry element Dating (Social Customs)
650 ## - SUBJECT ADDED ENTRY--TOPICAL TERM
Topical term or geographic name as entry element Marriage
700 ## - ADDED ENTRY--PERSONAL NAME
Personal name Smith, Elven, Joint author.
700 ## - ADDED ENTRY--PERSONAL NAME
Personal name Smith, Joyce, Joint author.
942 ## - ADDED ENTRY ELEMENTS (KOHA)
Source of classification or shelving scheme
Koha item type Books
Copies
Barcode Withdrawn status Copy number Not for loan Source of classification or shelving scheme Koha item type Price effective from Damaged status Lost status Date acquired Shelving location Permanent Location Date last seen Full call number
12620 1  Books2010-04-14  2010-04-14General StacksRHEMA Bible Training College2010-04-14HQ 801 .P4
15206 2  Books2010-04-14  2010-04-14General StacksRHEMA Bible Training College2010-04-14HQ 801 .P4